000 00815nam a2200229 a 4500
001 000038240
005 20251120073733.0
008 130405s1979 dr r 000 p spa d
040 _aDO-SdBNP
_bspa
_cBNPHU
082 _aRD861.44
_bR696p, 1979
100 1 _aRodríguez Demorizi, Emilio,
_d1908-1986
_91039
245 1 0 _aPoesía popular dominicana /
_cEmilio Rodríguez Demorizi.
250 _a3a ed.
260 _aSantiago, República Dominicana :
_bUCMM,
_c1979.
300 _a300 p. ;
_c24 cm.
500 _aIncluye referencias bibliográficas y notas al pie de las páginas
590 _aInventariado, 2018/BT
650 0 _aPoesía dominicana
_966
650 0 _aLiteratura dominicana.
_967
710 2 _aPontificia Universidad Católica Madre y Maestra
_9843
910 _aValidado. Control de calidad. MFF
999 _c37730
_d37730